| 000 | 00503nam a2200193Ia 4500 | ||
|---|---|---|---|
| 003 | IN-BaIIA | ||
| 008 | 211028s9999 xx 000 0 eng d | ||
| 040 | _cIIA Library | ||
| 080 |
_a519.21 _bBOR |
||
| 100 |
_aBorel, Emile _95724 |
||
| 245 | 0 |
_aProbability and certainty _cEmile Borel |
|
| 260 |
_aNew York _bWalker _c1950 |
||
| 300 | _ax, 145p. | ||
| 650 | _aNASA Thesaurus | ||
| 650 |
_aProbability Theory _91562 |
||
| 650 |
_aStatisticcs _95725 |
||
| 700 |
_aDouglas Scott, tr. _95726 |
||
| 942 | _cBK | ||
| 999 |
_c3224 _d3224 |
||